00524nam a2200121Ia 4500008004100000100002300041245011500064245008800179260000900267300003100276440003000307650006500337171207s9999 xx 000 0 und d aPatton, Desmond U. aGang violence on the digital street: Case study of a South Side Chicago gang member’s Twitter communication  cDesmond U Patton, Jeffrey Lane, Patrick Leonard, Jamie Macbeth, Jocelyn R Smith Lee c2017 apages 1000-1018, July 2017 aNew Media & Societyv19:7 aGang Violence, social media, twitter, African American youth